Brand manažment Turecka

Preskúmanie obsahu tureckého národného imidžu, jeho historické fakty a možné následky v rámci politického kontextu prístupových rokovaní krajiny. Turecko v súčasnosti nemá dobrý národný imidž. Zložitá dilema pre pozíciu národnej značky Turecka. Výzva vykonávania integrovaného brand manažmentu krajin...

Ausführliche Beschreibung

Gespeichert in:
Bibliographische Detailangaben
1. Verfasser: Slováková, Viera
Format: Buchkapitel
Sprache:Slowakisch
Schlagworte:
Tags: Tag hinzufügen
Keine Tags, Fügen Sie das erste Tag hinzu!

MARC

LEADER 00000naa$a2200000$$$4500
001 0099163
005 20240502083245.1
041 0 |a slo 
044 |a CZ 
245 1 0 |a Brand manažment Turecka  |c Viera Slováková 
520 |a Preskúmanie obsahu tureckého národného imidžu, jeho historické fakty a možné následky v rámci politického kontextu prístupových rokovaní krajiny. Turecko v súčasnosti nemá dobrý národný imidž. Zložitá dilema pre pozíciu národnej značky Turecka. Výzva vykonávania integrovaného brand manažmentu krajiny. 
610 2 0 |a Turecko 
610 2 0 |a situácia hospodárska 
610 2 0 |a politika 
610 2 0 |a imidž 
610 2 0 |a riadenie 
610 2 0 |a údaje štatistické 
610 2 0 |a Európska únia 
100 1 |a Slováková, Viera